| 000 | 00739nam a2200241 a 4500 | ||
|---|---|---|---|
| 005 | 20240606063720.0 | ||
| 008 | 010616m19992005mx r 000 0 spa d | ||
| 020 | _a9682317967 | ||
| 020 | _a9682300770 | ||
| 035 | _aUPN01000108513 | ||
| 049 | _aCG | ||
| 050 | 4 |
_aLB775 F7.6 _bT4.38 1999 |
|
| 100 | 1 |
_aFreinet, Célestin, _d1896-1966 |
|
| 245 | 1 | 0 |
_aTécnicas Freinet de la escuela moderna / _cCélestin Freinet. |
| 250 | _a34a ed. | ||
| 260 |
_aMéxico : _bSiglo XXI, _c1999 (2005 impr.). |
||
| 300 | _a145 p. | ||
| 440 | 0 | _aEducación | |
| 534 |
_pTraducción de: _tLes Techniques freinet de l'ecole moderne. |
||
| 650 | 4 |
_aEducación _xMétodos experimentales _95868 |
|
| 650 | 4 |
_aTécnicas de enseñanza _95713 |
|
| 905 | _aLibro | ||
| 999 |
_c82425 _d82425 |
||